High-dimensional covariance estimation (Record no. 27254)
[ view plain ]
| 000 -LEADER | |
|---|---|
| fixed length control field | 01237nam a2200325Ia 4500 |
| 082 04 - DEWEY DECIMAL CLASSIFICATION NUMBER | |
| Classification number | 519.5/38 |
| 100 1# - MAIN ENTRY--AUTHOR NAME | |
| Personal name | Pourahmadi, Mohsen. |
| 245 10 - TITLE STATEMENT | |
| Title | High-dimensional covariance estimation |
| 260 ## - PUBLICATION, DISTRIBUTION, ETC. (IMPRINT) | |
| Place of publication | Hoboken, NJ : |
| Name of publisher | Wiley, |
| Year of publication | c2013. |
| 300 ## - PHYSICAL DESCRIPTION | |
| Number of Pages | x, 184 p. : |
| Other physical details | ill. |
| 490 0# - SERIES STATEMENT | |
| Series statement | Wiley series in probability and statistics |
| 650 #0 - SUBJECT ADDED ENTRY--TOPICAL TERM | |
| Topical Term | Analysis of covariance. |
| Topical Term | Multivariate analysis. |
| 856 40 - ELECTRONIC LOCATION AND ACCESS | |
| Uniform Resource Identifier | http://site.ebrary.com/lib/rucke/Doc?id=10716695 |
No items available.
